Menk-Bertrand, Ève, 1972-. L' image de Vienne et de Prague à l'époque baroque (1650 - 1740). - Strasbourg : Presses Univ. de Strasbourg. - 2008 [Rezension]
| Titel: | Menk-Bertrand, Ève, 1972-. L' image de Vienne et de Prague à l'époque baroque (1650 - 1740). - Strasbourg : Presses Univ. de Strasbourg. - 2008 [Rezension] |
|---|---|
| Verfasser: | |
| In: |
Zeitschrift für historische Forschung, Band 37, Heft 3 (2010), Seite 543-544 alle Artikel anzeigen |
| Veröffentlicht: | 2010 |
| Format: | Aufsatz |
| Sprache: | Englisch |
| Hinweise zum Inhalt: |
zusätzliche Angaben
|
X
alg: 39500185 001A $01999:12-11-16 001B $01999:04-08-21 $t21:01:45.000 001D $01999:12-11-16 001U $0utf8 001X $00 002@ $0Aox 003@ $0395001854 007A $0395001854 $aHEB 007T $0Herdc0068594m 009P $A2 $3zusätzliche Angaben $uhttp://www.atypon-link.com/DH/doi/pdf/10.3790/zhf.37.3.463 010@ $aeng 011@ $a2010 021A $aMenk-Bertrand, Ève, 1972-. L' @image de Vienne et de Prague à l'époque baroque (1650 - 1740). - Strasbourg : Presses Univ. de Strasbourg. - 2008 [Rezension] 028A $aDuindam $dJeroen 031A $d37 $e3 $h543-544 $j2010 039B $aIn $8--Abvc--. Zeitschrift für historische Forschung. - Berlin : Duncker & Humblot, 1974-. - ISSN 0340-0174 $x201000000370003457 $9047120908 039T $8--Aau--Menk-Bertrand, Ève$Z1972- [Tp1]. L' @image de Vienne et de Prague à l'époque baroque (1650 - 1740). - Strasbourg : Presses Univ. de Strasbourg, 2008. - 463, XXXI S.. - Ill., graph. Darst.. - ISBN 978-2-86820-348-9 $9285510878 045F $a900.94371 $eDDC23BSB 045F/01 $a900 045F/03 $g4371 045T $a8 lok: 39500185 78 exp: 39500185 78 1 #EPN 201B/01 $026-11-17 $t03:52:02.000 201U/01 $0utf8 203@/01 $0791300471 208@/01 $a12-11-16 $be 209A/01 $a/ $f000 $x00 220C/01 $aTitelaufnehmer: pg 220C/01 $aHerkunft: HI Marburg 244Z/01 $#Tschechien $#Tschechische Republik $#Tschechische Republik $#Tschechenland $#Tschechei Tschechien $#Česká Republika $#Czech Republic $#ČR $74303381-7 $8--Tg1--Tschechien $x01 $9086659812 244Z/01 $2Trx $#Böhmen $#Bohemia $#Czechy $8--Trx--Čechy $x02 $9391188941 244Z/01 $2Trx $#arvustused $#recenzijos $#Reviews $#recenziók $#recenzje $#recenzie $#recenze $8--Trx--Rezensionen $x03 $9391357441 244Z/01 $2Trx $8--Trx--elektronische Ressource $x04 $939138452X 247C/01 $82080>Marburg/Lahn, Herder-Institut, Forschungsbibliothek, Bibliographieportal $9336309341
| LEADER | 00000caa a22000002c 4500 | ||
|---|---|---|---|
| 001 | 395001854 | ||
| 003 | DE-603 | ||
| 005 | 20210804210145.0 | ||
| 007 | tu | ||
| 008 | 161112s2010 xx |||| | u00||u|eng c | ||
| 035 | |a (DE-599)HEB395001854 | ||
| 040 | |a DE-603 |b ger |c DE-603 |d DE-603 | ||
| 041 | |a eng | ||
| 082 | 0 | 4 | |8 1\u |a 900.94371 |q DE-101 |2 23/BSB |
| 084 | |a 8 |2 ssgn | ||
| 085 | |8 1\u |b 900 | ||
| 085 | |8 1\u |z 2 |s 4371 | ||
| 100 | 1 | |a Duindam, Jeroen | |
| 245 | 0 | 0 | |a Menk-Bertrand, Ève, 1972-. L' image de Vienne et de Prague à l'époque baroque (1650 - 1740). - Strasbourg : Presses Univ. de Strasbourg. - 2008 [Rezension] |
| 264 | 0 | |c 2010 | |
| 773 | 0 | 8 | |i In |t Zeitschrift für historische Forschung |d Berlin : Duncker & Humblot, 1974- |h 23 cm |x 0340-0174 |g Band 37, Heft 3 (2010), Seite 543-544 |w (DE-603)047120908 |w (DE-600)125204-5 |
| 787 | 0 | 8 | |i Rezension von |a Menk-Bertrand, Ève, 1972- |t L' image de Vienne et de Prague à l'époque baroque (1650 - 1740) |d Strasbourg : Presses Univ. de Strasbourg, 2008 |h 463, XXXI S., Ill., graph. Darst. |z 9782868203489 |z 2868203485 |w (DE-603)285510878 |
| 856 | 4 | 2 | |u http://www.atypon-link.com/DH/doi/pdf/10.3790/zhf.37.3.463 |3 zusätzliche Angaben |
| 924 | 0 | |9 2080 |a (DE-603)791300471 |b DE-2080 |c HES |d d |g / | |


